¿Qué estilo de desarrollo se quiere obtener? /
Sin resumen
保存先:
| 第一著者: | |
|---|---|
| フォーマット: | テキスト |
| 言語: | Spanish |
| 主題: | |
| タグ: |
タグ追加
タグなし, このレコードへの初めてのタグを付けませんか!
|
MARC
| LEADER | 00000 a a2200000 04500 | ||
|---|---|---|---|
| 001 | 4 | ||
| 003 | cru CIDCACS/IIS | ||
| 005 | 20180712140238.0 | ||
| 008 | 180712b ||||| |||| 00| 0 spa d | ||
| 999 | |c 29076 |d 29076 | ||
| 040 | |c cru CIDCACS/IIS | ||
| 100 | |a Picado Lagos, José | ||
| 245 | |a ¿Qué estilo de desarrollo se quiere obtener? / |c José Picado Lagos | ||
| 520 | |a Sin resumen | ||
| 650 | |a CRECIMIENTO ECONOMICO | ||
| 650 | |a ESTRATEGIA DEL DESARROLLO | ||
| 650 | |a DESARROLLO ECONOMICO Y SOCIAL | ||
| 773 | |g núm 13 -14, (1990), páginas 219-221 | ||
| 773 | 0 | |0 18806 |9 2087 |a Universidad Nacional de Costa Rica |d Heredia: C.R.: EUNA |o 02253 |t ABRA |x 14093928 | |
| 942 | |2 ddc |c PP | ||
